Essentials of Management (Record no. 5964)

MARC details
000 -LEADER
fixed length control field 00306nam a2200133Ia 4500
008 - FIXED-LENGTH DATA ELEMENTS--GENERAL INFORMATION
fixed length control field 191201s2013 xx 000 0 und d
082 ## - DEWEY DECIMAL CLASSIFICATION NUMBER
Classification number 658
Item number KOE
100 ## - MAIN ENTRY--PERSONAL NAME
Personal name KOONTZ, Harold
245 #0 - TITLE STATEMENT
Title Essentials of Management
260 ## - PUBLICATION, DISTRIBUTION, ETC. (IMPRINT)
Place of publication, distribution, etc N. delhi
Name of publisher, distributor, etc TMH
Date of publication, distribution, etc 2013
300 ## - PHYSICAL DESCRIPTION
Extent 500
650 ## - SUBJECT ADDED ENTRY--TOPICAL TERM
Topical term or geographic name as entry element BBA
942 ## - ADDED ENTRY ELEMENTS (KOHA)
Source of classification or shelving scheme Dewey Decimal Classification
Koha item type Text Books
942 ## - ADDED ENTRY ELEMENTS (KOHA)
-- 3
Holdings
Withdrawn status Lost status Source of classification or shelving scheme Damaged status Not for loan Collection code Home library Current library Date acquired Source of acquisition Cost, normal purchase price Bill Number Total Checkouts Full call number Acc. no. / Barcode Date last seen Actual Cost, discounted price Bill Date Koha item type Date last borrowed Checked out Public note
    Dewey Decimal Classification     BBA PIET C-LIBRARY PIET C-LIBRARY 28/07/2014 Orange Books International 475.00 4542   658 KOE 24583 04/12/2019 332.50 23/07/2014 Text Books      
    Dewey Decimal Classification     BBA PIET C-LIBRARY PIET C-LIBRARY 28/07/2014 Orange Books International 475.00 4542   658 KOE 24584 04/12/2019 332.50 23/07/2014 Text Books      
    Dewey Decimal Classification     BBA PIET C-LIBRARY PIET C-LIBRARY 28/07/2014 Orange Books International 475.00 4542 1 658 KOE 24585 06/12/2021 332.50 23/07/2014 Text Books 10/11/2021    
    Dewey Decimal Classification     BBA PIET C-LIBRARY PIET C-LIBRARY 28/07/2014 Orange Books International 475.00 4542 1 658 KOE 24586 06/04/2022 332.50 23/07/2014 Text Books 15/03/2022    
    Dewey Decimal Classification     BBA PIET C-LIBRARY PIET C-LIBRARY 28/07/2014 Orange Books International 475.00 4542   658 KOE 24587 04/12/2019 332.50 23/07/2014 Text Books      
    Dewey Decimal Classification     BBA PIET C-LIBRARY PIET C-LIBRARY 28/07/2014 Orange Books International 475.00 4542 1 658 KOE 24588 22/01/2022 332.50 23/07/2014 Text Books 22/01/2022 21/07/2022 .

Design & Developed by: PIET Central Library
R70 Miles Stone Pattikalyana Samalkha Panipat 132102
mail ID :- [email protected], Phone No:- 0180-2569700 Ex.216